10 Most Expensive Currencies - Statistics

General Stats
  • This quiz has been taken 18 times
  • The average score is 4 of 10
Answer Stats
Rank Value Countries % Correct
1 $3.32 To USD Kuwait
69%
10 $1.00 To USD United States of America
63%
2 $2.65 To USD Bahrain
50%
3 $2.60 To USD Oman
50%
9 $1.04 To USD Switzerland
50%
8 $1.19 To USD European Union
38%
4 $1.41 To USD Jordan
19%
7 $1.22 To USD Cayman Islands
13%
6 $1.29 To USD Gibraltar
0%
5 $1.29 To USD United Kindom
0%
No matching quizzes found
Score Distribution
Percent of People with Each Score
Percentile by Number Answered
Your Score History
You have not taken this quiz